000 00647nam a2200241Ia 4500
003 OSt
005 20220918185533.0
006 a|||||r|||| 00| 0
007 ta
008 220917b |||||||| |||| 00| 0 eng d
024 _a51,408
037 _cTextual
040 _aARTS
_cARTS
_beng
041 _2eng
_aeng
082 _aP:(S:682:4), L3
100 _aFrominkin Victoria A ed
_969335
245 0 _aSpeech errors as linguistic evidence
260 _aHague
_bMouton
_c1973
300 _a269p.
_ccm.
650 _aLINGUISTICS
942 _hP:(S:682:4), L3
_cTEXL
_2CC
999 _c181001
_d181001